Teaching of Ja'far al-Sadiq : with reference to his place in early Shi'ism /
Saved in:
| Main Author: | |
|---|---|
| Format: | Thesis |
| Language: | English |
| Published: |
Montreal :
Institute of Islamic Studies, McGill University,
1980
|
| Subjects: | |
| Tags: |
Add Tag
No Tags, Be the first to tag this record!
|
| LEADER | 014860000a22003370004500 | ||
|---|---|---|---|
| 001 | 320772 | ||
| 005 | 20230420140128.0 | ||
| 008 | 050427s1980 xxc g m 000 0 eng d | ||
| 035 | |a (Sirsi) 320772 | ||
| 040 | |a UIAM |b eng |e rda | ||
| 041 | |a eng |e fre | ||
| 050 | 0 | |a BP80.J3 | |
| 100 | 1 | |a Crow, Douglas, |e author |9 123329 | |
| 245 | 1 | 0 | |a Teaching of Ja'far al-Sadiq : |b with reference to his place in early Shi'ism / |c by Douglas Crow. |
| 264 | 1 | |a Montreal : |b Institute of Islamic Studies, McGill University, |c 1980 | |
| 300 | |a v, 220 leaves ; |c 28 cm. | ||
| 336 | |2 rdacontent |a text | ||
| 337 | |2 rdamedia |a unmediated | ||
| 338 | |2 rdacarrier |a volume | ||
| 500 | |a "A Thesis presented to the Faculty of Graduate Studies and Research McGill University, Montreal in partial fulfilment of the requirements for the Degree of Master of Arts."--On title page. | ||
| 502 | |a Thesis (Master)--Institute of Islamic Studies, McGill University, Montreal, 1980 | ||
| 504 | |a Includes bibliographical references (leaves 201-221) | ||
| 546 | |a Abstracts in English and French. | ||
| 600 | 1 | 4 | |a Ja'far al-Sadiq, |d 702?-765 or 6 |9 123330 |
| 650 | 0 | |a Shiites |v Biography |9 14367 | |
| 655 | 0 | 7 | |a Theses, non-IIUM |
| 710 | 1 | |a McGill University. |b Institute of Islamic Studies |9 121272 | |
| 900 | |a za | ||
| 942 | |2 lcc |n 0 | ||
| 999 | |c 432203 |d 464346 | ||
| 952 | |0 0 |6 T BP 000080 J3 C953T 1980 |7 0 |8 THESES |9 753266 |a SMNAL |b SMNAL |c CLOSEACCES |g 0.00 |o t BP 80 J3 C953T 1980 |p 00000793303 |r 1900-01-02 |t 1 |v 0.00 |y THESIS | ||
